[Event "SLO-chT2 East"]
[Site "Slovenia"]
[Date "2013.11.18"]
[Round "7"]
[White "Marinovic, Ivo"]
[Black "Strbad, Franjo"]
[Result "1/2-1/2"]
[WhiteElo "1746"]
[BlackElo "1923"]
[PlyCount "69"]
[EventDate "2013.09.07"]
[EventType "team-tourn"]
[EventRounds "9"]
[EventCountry "SLO"]
[SourceTitle "EXT 2015"]
[Source "ChessBase"]
[SourceDate "2014.11.20"]
[SourceVersion "1"]
[SourceVersionDate "2014.11.20"]
[SourceQuality "1"]

1. e4 e6 2. f4 d5 3. e5 c5 4. c4 Nc6 5. Nf3 Be7 6. Nc3 g6 7. Be2 Nh6 8. 0-0 0-0 9. d3 d4 10. Ne4 b5 11. b3 Bb7 12. h3 Nb4 13. Ng3 Rc8 14. Ng5 Qd7 15. Bf3 Bxf3 16. Qxf3 Nc6 17. Qe4 a6 18. Bd2 Bxg5 19. fxg5 Nf5 20. Nxf5 exf5 21. Qe2 Rfe8 22. Bf4 Nd8 23. Qd2 Ne6 24. Bh2 Qe7 25. h4 Ng7 26. Rae1 Ne6 27. Rf3 Kg7 28. Ref1 Rf8 29. Rh3 Rh8 30. Bf4 Rcf8 31. Re1 Qc7 32. g3 b4 33. h5 a5 34. h6+ Kg8 35. Rh2 1/2-1/2

[Event "CRO-chT3"]
[Site "Varazdin"]
[Date "2008.05.10"]
[Round "4"]
[White "Havas, Ladislav"]
[Black "Strbad, Franjo"]
[Result "1-0"]
[WhiteElo "2293"]
[BlackElo "2013"]
[PlyCount "115"]
[EventDate "2008.04.12"]
[EventType "team-tourn"]
[EventRounds "9"]
[EventCountry "CRO"]
[SourceTitle "EXT 2011"]
[Source "ChessBase"]
[SourceDate "2010.11.26"]
[SourceVersion "1"]
[SourceVersionDate "2010.11.26"]
[SourceQuality "1"]

1. e4 g6 2. d4 Bg7 3. c4 d6 4. Nc3 Nf6 5. Nf3 0-0 6. Be2 Nbd7 7. 0-0 c5 8. d5 Ng4 9. Ng5 Ndf6 10. h3 Ne5 11. f4 Ned7 12. g4 h6 13. Nf3 Nh7 14. Bd3 Re8 15. Qc2 Ndf8 16. Be3 Bd7 17. Rae1 Rc8 18. e5 a6 19. a4 Qc7 20. Bf2 Rb8 21. Bg3 dxe5 22. fxe5 e6 23. Kh2 Red8 24. h4 Qc8 25. Ne4 Be8 26. d6 Bc6 27. Nc3 Qd7 28. Nd2 b6 29. Nde4 Rb7 30. b3 Qe8 31. g5 hxg5 32. hxg5 Qd7 33. Bf4 Rdb8 34. Qf2 Qd8 35. Qh4 Nd7 36. Nf6+ Ndxf6 37. gxf6 Bxf6 38. exf6 Qxf6 39. Qxf6 Nxf6 40. Be2 Rd7 41. Be5 Ne8 42. Bf3 Bxf3 43. Rxf3 f5 44. Rh3 Rh7 45. Rxh7 Kxh7 46. d7 Rd8 47. dxe8Q Rxe8 48. Rd1 g5 49. Rd6 Kg6 50. Rxb6 f4 51. Ne4 Re7 52. Nd6 Rh7+ 53. Kg2 Rh4 54. Rb7 Rg4+ 55. Kf2 Rg3 56. Rg7+ Kh5 57. Ne4 Re3 58. Nf6+ 1-0

[Event "CRO-chT3"]
[Site "Varazdin"]
[Date "2008.04.26"]
[Round "3"]
[White "Lovrencic, Vladimir"]
[Black "Strbad, Franjo"]
[Result "1/2-1/2"]
[WhiteElo "2167"]
[BlackElo "2013"]
[PlyCount "95"]
[EventDate "2008.04.12"]
[EventType "team-tourn"]
[EventRounds "9"]
[EventCountry "CRO"]
[SourceTitle "EXT 2011"]
[Source "ChessBase"]
[SourceDate "2010.11.26"]
[SourceVersion "1"]
[SourceVersionDate "2010.11.26"]
[SourceQuality "1"]

1. d4 Nf6 2. c4 g6 3. Nc3 Bg7 4. g3 0-0 5. Bg2 c6 6. Nf3 d5 7. 0-0 dxc4 8. Ne5 Ng4 9. f4 f6 10. Nxc4 b5 11. Na3 f5 12. e3 a6 13. b4 Ra7 14. Qb3+ e6 15. Nc2 a5 16. a4 axb4 17. Nxb4 bxa4 18. Qc4 a3 19. h3 Nf6 20. Rxa3 Rxa3 21. Bxa3 Nd5 22. Nxc6 Nxc6 23. Nxd5 Na5 24. Qxc8 Qxc8 25. Ne7+ Kf7 26. Nxc8 Rxc8 27. Rc1 Rxc1+ 28. Bxc1 Bf8 29. Bf1 Bb4 30. Bb2 h6 31. Kf2 g5 32. fxg5 hxg5 33. g4 Kg6 34. Bd3 Nc6 35. gxf5+ exf5 36. e4 Ne7 37. exf5+ Kh5 38. Be4 g4 39. d5 gxh3 40. Bc1 Bd6 41. Kf3 h2 42. Kg2 Kg4 43. f6 Nf5 44. Bxf5+ Kxf5 45. f7 Kf6 46. Bf4 Bf8 47. Bxh2 Kxf7 48. Kf3 1/2-1/2

[Event "CRO-chT3"]
[Site "Varazdin"]
[Date "2008.04.19"]
[Round "2"]
[White "Strbad, Franjo"]
[Black "Vucko, Jozsef"]
[Result "0-1"]
[WhiteElo "2013"]
[BlackElo "2077"]
[PlyCount "120"]
[EventDate "2008.04.12"]
[EventType "team-tourn"]
[EventRounds "9"]
[EventCountry "CRO"]
[SourceTitle "EXT 2011"]
[Source "ChessBase"]
[SourceDate "2010.11.26"]
[SourceVersion "1"]
[SourceVersionDate "2010.11.26"]
[SourceQuality "1"]

1. e4 e5 2. Nc3 c6 3. Bc4 Nf6 4. Nf3 Bd6 5. 0-0 0-0 6. d4 exd4 7. Qxd4 Be7 8. e5 Ne8 9. Bf4 b5 10. Bb3 Nc7 11. Bg3 Bb7 12. Qd3 a5 13. a3 Nba6 14. Ba2 b4 15. Ne4 Nd5 16. Rfd1 bxa3 17. bxa3 h6 18. Rab1 Qc8 19. Nd4 Nc5 20. Nxc5 Bxc5 21. Nf5 Ra7 22. Qc4 Bxa3 23. Qg4 g6 24. Nxh6+ Kh7 25. Bxd5 cxd5 26. Bf4 Be7 27. Rb3 f5 28. exf6 Rxf6 29. Rg3 Qe8 30. Re1 Raa6 31. Rh3 Rae6 32. Nf7+ Kg7 33. Ne5 Rf5 34. Bh6+ Kg8 35. f4 Bc5+ 36. Kh1 d6 37. Rg3 Rf7 38. Qxe6 Qxe6 39. Rxg6+ Qxg6 40. Nxg6 Kh7 41. Re6 Kxh6 42. Ne5+ Kg7 43. Nxf7 Kxf7 44. Rh6 Kg7 45. Re6 Bc8 46. Re7+ Kf6 47. Re8 Bd7 48. Ra8 Bb4 49. Kg1 d4 50. Kf2 Bf5 51. Rf8+ Kg6 52. h3 Bxc2 53. f5+ Kg7 54. Rc8 Bxf5 55. Rc7+ Kf6 56. g4 Be4 57. Ke2 a4 58. Rc4 d3+ 59. Ke3 d2 60. Rd4 Bc5 0-1